Estatísticas para Copa do Mundo - Time das Estrelas 2014

Clique aqui para jogar o quiz

Estatísticas Gerais

  • Esse quiz foi jogado 143 vezes
  • A pontuação média é 10 de 11

Estatísticas das Respostas

PosiçãoSeleçãoJogador% Correto
AtaqueArgentinaLionel Messi
98%
AtaqueBrasilNeymar
97%
GoleiroAlemanhaManuel Neuer
96%
DefesaBrasilThiago Silva
96%
Meio CampoColômbiaJames Rodríguez
93%
DefesaBrasilMarcelo
89%
AtaqueAlemanhaThomas Müller
89%
DefesaBrasilDavid Luiz
85%
Meio CampoArgentinaÁngel Di Maria
77%
DefesaAlemanhaMais Hummels
76%
Meio CampoAlemanhaToni Kroos
65%

Distribuição das Pontuações

Percentil de Números Respondidos

Porcentagem de Pessoas com Cada Pontuação

Sua Pontuação Histórica

Você não jogou esse quiz